000 00529nmm a2200181Ia 4500
008 251105s9999||||xx |||||||||||||||||und||
020 _a9789560100689
041 _aspa
100 _aBlanco, Guillermo
245 0 _aAhí va esa y otras crónicas
264 _a[Santiago de Chile, Chile] :
_bRil editores,
_c2014
300 _a246 páginas
650 _aLatin American literature
700 _aBlanco, Guillermo
700 1 _a Jordán, Juan José
856 _uhttps://public.digitaliapublishing.com/a/29547
942 _cCF
999 _c62922
_d62922